| 000 | 00000nam 2200000za 4500 |
| 001 | 9.675134 |
| 003 | CaOODSP |
| 005 | 20250408155708 |
| 007 | cr ||||||||||| |
| 008 | 150407|2008||||xxc|||||o f|0| 0 spa d |
| 020 | |a978-0-662-03406-3 |
| 040 | |aCaOODSP|bfre |
| 043 | |an-cn--- |
| 086 | 1 |aHP5-58/2008Spa-PDF|zHP5-58/2008Sp-PDF |
| 110 | 2 |aAgence de santé publique du Canada. |
| 245 | 10|a[Étude de cas canadienne - Projet CARMEN, rapport final] : |h[ressource électronique]|b[convergence des intervenants sur l'étiquetage nutritionnel - à la recherche d'un consensus sur un enjeu complexe]. |
| 246 | 1 |aEstudio de Caso Canadiense - Proyecto Piloto CARMEN, Informe Final: Convergencia de las partes interesadas sobre el etiquetado nutricional: En búsqueda de un consenso sobre una cuestión compleja |
| 250 | |a[Édition espagnol]. |
| 260 | |aOttawa - Ontario : |bAgence de santé publique du Canada |cc2008. |
| 300 | |a38p.|bill., références, tableaux |
| 500 | |aPublié aussi en français sous le titre : Étude de cas canadienne - Projet CARMEN, rapport final : convergence des intervenants sur l'étiquetage nutritionnel - à la recherche d'un consensus sur un enjeu complexe. |
| 546 | |aTexte en espagnol. |
| 590 | |a12-25-Supp|b2012-06-04 |
| 691 | 07|aÉtiquetage des aliments|2gcpds |
| 775 | 08|tÉtude de cas canadienne - Projet CARMEN, rapport final : |w(CaOODSP)9.635182 |
| 791 | |t[CARMEN pilot Canadian case study - final report] : |eeng|w(CaOODSP)9.675133 |
| 856 | 40|ahttp://publications.gc.ca|qPDF|s8027 Ko|uhttps://publications.gc.ca/collections/collection_2012/aspc-phac/HP5-58-2008-spa.pdf |